| 000 | 01195nam a22002417a 4500 | ||
|---|---|---|---|
| 005 | 20110711140235.0 | ||
| 008 | 110711t xxu||||| |||| 00| 0 mar d | ||
| 010 | _aMAR-21471 | ||
| 020 | _c300.00 | ||
| 035 | _aMR-14129 | ||
| 037 | _bDBAD/PUB | ||
| 040 |
_aDPL _bMR |
||
| 082 | _a363.325 | ||
| 100 |
_929424 _aइम्तियाज गुल |
||
| 245 |
_a'अल् कायदा ' चे धागेदोरे / _cइम्तियाज गुल ; रेखा देशपांडे द्वारा अनुवादित |
||
| 246 |
_aAl-Kayadache Dhagedore _bby Imtiyaz Gul |
||
| 260 |
_aमुंबई _bअक्षर प्रकाशन _c2011 |
||
| 270 |
_aजरीवाल बिल्डिंग नंबर1,ए विंग,माहीम _bमुंबई _e400016 |
||
| 300 |
_a287पृ. _c22सेमी(अजिल्द) |
||
| 700 |
_aदेशपांडे,रेखा _935581 |
||
| 942 |
_2ddc _cMR _mइम्तिया _h363.325 |
||
| 999 |
_c57816 _d57816 |
||